ভাষা-শিক্ষা : (Record no. 4383)
[ view plain ]
| 000 -LEADER | |
|---|---|
| fixed length control field | 00794nam a2200229 a 4500 |
| 001 - CONTROL NUMBER | |
| JCCL Control Number | 4383 |
| 003 - CONTROL NUMBER IDENTIFIER | |
| JCCL marc code | BD-JhCC |
| 005 - DATE AND TIME OF LATEST TRANSACTION | |
| control field | 20220223134022.0 |
| 008 - FIXED-LENGTH DATA ELEMENTS--GENERAL INFORMATION | |
| fixed length control field | 171126s20062015bg |||| || | 000 0 b d |
| 035 ## - SYSTEM CONTROL NUMBER | |
| system control number | (BD-JhCC)4383 |
| 040 ## - CATALOGING SOURCE | |
| Original cataloging agency | BD-JhCC |
| Modifying agency | BD-JhCC |
| 041 ## - LANGUAGE CODE | |
| Language code of Book | ben |
| 082 ## - DEWEY DECIMAL CLASSIFICATION NUMBER | |
| Classification number | 491.44 |
| Author mark and Year | VAS 2015 |
| 245 ## - TITLE STATEMENT | |
| Title | ভাষা-শিক্ষা : |
| Remainder of title | বাংলা ভাষার ব্যাকরন ও নির্মিতি / |
| Statement of responsibility, etc | ড. হায়াৎ মামুদ |
| 260 ## - PUBLICATION, DISTRIBUTION, ETC. (IMPRINT) | |
| Place of publication, distribution, etc | ঢাকা : |
| Name of publisher, distributor, etc | দি এ্যাটলাস পাবলিশিং হাউস-ঢাকা, |
| Date of publication, distribution, etc | 2015. |
| 300 ## - PHYSICAL DESCRIPTION | |
| Pagination | 1120 p. : |
| Dimensions | 24 cm. |
| 650 ## - SUBJECT ADDED ENTRY--TOPICAL TERM | |
| Topical term or geographic name as entry element | Bengali Language |
| 650 ## - SUBJECT ADDED ENTRY--TOPICAL TERM | |
| Topical term or geographic name as entry element | Bengali Grammer |
| 700 ## - ADDED ENTRY--PERSONAL NAME | |
| Personal name | মামুদ ড. হায়াৎ |
| 942 ## - ADDED ENTRY ELEMENTS (KOHA) | |
| Source of classification or shelving scheme | Dewey Decimal Classification |
| Koha item type | Books |
| Koha issues (borrowed), all copies | 5 |
| Source of classification or shelving scheme | Damaged status | Not for loan | Home library | Current library | Date of accession | Cost, normal purchase price | Total Checkouts | Full call number | Barcode | Date last seen | Date checked out | Copy number | Koha item type | Shelving location |
|---|---|---|---|---|---|---|---|---|---|---|---|---|---|---|
| Dewey Decimal Classification | JCC Rouf Library | JCC Rouf Library | 11/26/2017 | 459.00 | 7 | 491.44 VAS 2015 | 6200 | 09/04/2025 | 07/29/2025 | C-1 | Books | |||
| Dewey Decimal Classification | JCC Rouf Library | JCC Rouf Library | 03/08/2018 | 348.00 | 11 | 491.44 VAS 2015 | 12151 | 12/17/2025 | 11/18/2025 | C-2 | Books | General Stacks | ||
| Dewey Decimal Classification | JCC Rouf Library | JCC Rouf Library | 03/08/2018 | 328.00 | 1 | 491.44 VAS 2015 | 12152 | 11/28/2024 | 11/25/2024 | C-2 | Books | General Stacks |